000 00616 a2200205 4500
999 _c5233
_d5233
005 20181017161310.0
010 _aENG-86788
020 _c125.00
035 _aEN-70321
037 _bDBAD / PUB
082 _a658.3
100 _aAppannaiah, H.R.
245 _aHuman resource management /
_cby H.R. Appannaiah, P.N. Reddy [and] K.Aparna Rao
260 _aMumbai
_bHimalaya Publishing House
_c2007
270 _a"Ramdoot", Dr. Bhalerao Marg, Girgaon
_bMumbai
_e400 004
300 _a320p
_c24 cm. (Pbk)
700 _aReddy, P.N.
700 _aRao, K.Aparna
942 _adpl
_cEN
_2ddc
_h658.3
_mAPP